| 000 | 00848nam a2200265 i 4500 | ||
|---|---|---|---|
| 001 | 98772 | ||
| 003 | ES-MaACL | ||
| 005 | 20250718062539.0 | ||
| 007 | t| | ||
| 008 | 140901s2005 sp ||||1| spa d | ||
| 020 | _a84-206-2557-4 | ||
| 080 | _a17 | ||
| 100 | 1 |
_aCamps, Victoria. _934320 |
|
| 245 | 1 | 0 |
_aÉtica, retórica, política / _cVictoria Camps. |
| 250 | _a[1ª ed., 3ª reimp. en Alianza Universidad]. | ||
| 260 |
_aMadrid : _bAlianza Editorial, _c2005. |
||
| 300 |
_a139 p. ; _c20 cm. |
||
| 490 | 1 |
_aAlianza universidad ; _v557 |
|
| 650 | 7 |
_aÉtica _2embne _912577 |
|
| 830 | 0 |
_aAlianza universidad ; _v557 _9177276 |
|
| 852 |
_aES-MaACL _jA-13205 _9102449 _bR.149802 _cDEPO1 _dOlim: N-6205 _hDonación: Real Academia Española |
||
| 914 |
_96336 _aReal Academia Española _ednr |
||
| 942 |
_2udc _cMONOGRAFIA |
||
| 999 |
_c98772 _d98772 |
||